[Event "ODJM B 2025"]
[Site "Willingen GER"]
[Date "2025.06.13"]
[Round "8"]
[White "Jakob, Lucas"]
[Black "Malinowsky, Celina"]
[Result "0-1"]
[Termination "normal"]
[Board "24"]
[WhiteElo "1687"]
[BlackElo "1742"]
[WhiteClock "01:08:29"]
[BlackClock "01:00:57"]
[PlyCount "42"]
[WhiteFideId "34687181"]
[BlackFideId "16266986"]
[EventCountry "GER"]
[EventRounds "9"]
[EventType "swiss"]
[EventDate "2025.06.07"]

1. b3 {[%clk 01:30:24]} {[%emt 00:00:36]} e5 {[%clk 01:30:48]} {[%emt
00:00:13]} 2. Bb2 {[%clk 01:30:49]} {[%emt 00:00:05]} Nc6 {[%clk 01:31:11]}
{[%emt 00:00:07]} 3. e3 {[%clk 01:31:09]} {[%emt 00:00:10]} Nf6 {[%clk
01:31:21]} {[%emt 00:00:18]} 4. Bb5 {[%clk 01:31:28]} {[%emt 00:00:12]} Bd6
{[%clk 01:31:43]} {[%emt 00:00:09]} 5. Na3 {[%clk 01:31:47]} {[%emt 00:00:12]}
a6 {[%clk 01:29:10]} {[%emt 00:03:02]} 6. Bxc6 {[%clk 01:31:31]} {[%emt
00:00:45]} dxc6 {[%clk 01:29:03]} {[%emt 00:00:38]} 7. c4 {[%clk 01:24:23]}
{[%emt 00:07:38]} O-O {[%clk 01:26:41]} {[%emt 00:02:52]} 8. Ne2 {[%clk
01:24:16]} {[%emt 00:00:36]} Re8 {[%clk 01:25:21]} {[%emt 00:01:51]} 9. O-O
{[%clk 01:24:09]} {[%emt 00:00:36]} Bf5 {[%clk 01:20:33]} {[%emt 00:05:19]} 10.
d4 {[%clk 01:19:49]} {[%emt 00:04:50]} exd4 {[%clk 01:15:23]} {[%emt 00:05:40]}
11. Ng3 {[%clk 01:13:06]} {[%emt 00:07:13]} dxe3 {[%clk 01:07:03]} {[%emt
00:08:50]} 12. fxe3 {[%clk 01:09:44]} {[%emt 00:03:51]} Bg6 {[%clk 01:00:03]}
{[%emt 00:07:31]} 13. Nc2 {[%clk 01:07:13]} {[%emt 00:03:01]} Bxg3 {[%clk
00:59:13]} {[%emt 00:01:20]} 14. hxg3 {[%clk 01:07:23]} {[%emt 00:00:18]} Qxd1
{[%clk 00:59:30]} {[%emt 00:00:15]} 15. Raxd1 {[%clk 01:07:42]} {[%emt
00:00:10]} Bxc2 {[%clk 00:59:51]} {[%emt 00:00:10]} 16. Rd2 {[%clk 01:07:50]}
{[%emt 00:00:21]} Bg6 {[%clk 01:00:06]} {[%emt 00:00:16]} 17. Bxf6 {[%clk
01:07:50]} {[%emt 00:00:29]} gxf6 {[%clk 01:00:32]} {[%emt 00:00:06]} 18. Rd7
{[%clk 01:07:57]} {[%emt 00:00:22]} Rac8 {[%clk 01:00:47]} {[%emt 00:00:15]}
19. Re1 {[%clk 01:08:01]} {[%emt 00:00:25]} Kf8 {[%clk 01:00:43]} {[%emt
00:00:35]} 20. Rd2 {[%clk 01:08:13]} {[%emt 00:00:18]} Rcd8 {[%clk 01:00:53]}
{[%emt 00:00:20]} 21. Rf2 {[%clk 01:08:29]} {[%emt 00:00:14]} Re6 {[%clk
01:00:57]} {[%emt 00:00:25]} 0-1

[Event "ODJM B 2025"]
[Site "Willingen GER"]
[Date "2025.06.13"]
[Round "8"]
[White "Othman, Beesan"]
[Black "Jagodkin, Anton"]
[Result "1/2-1/2"]
[Termination "normal"]
[Board "25"]
[WhiteElo "1732"]
[BlackElo "1515"]
[WhiteClock "00:03:05"]
[BlackClock "00:55:17"]
[PlyCount "59"]
[WhiteFideId "34640738"]
[BlackFideId "34607307"]
[EventCountry "GER"]
[EventRounds "9"]
[EventType "swiss"]
[EventDate "2025.06.07"]

1. e4 {[%clk 01:30:57]} {[%emt 00:00:02]} c6 {[%clk 01:30:58]} {[%emt
00:00:03]} 2. d4 {[%clk 01:31:25]} {[%emt 00:00:02]} d5 {[%clk 01:31:27]}
{[%emt 00:00:01]} 3. Nd2 {[%clk 01:31:34]} {[%emt 00:00:21]} dxe4 {[%clk
01:31:20]} {[%emt 00:00:37]} 4. Nxe4 {[%clk 01:32:01]} {[%emt 00:00:02]} Bf5
{[%clk 01:31:42]} {[%emt 00:00:08]} 5. Ng3 {[%clk 01:32:28]} {[%emt 00:00:03]}
Bg6 {[%clk 01:32:05]} {[%emt 00:00:07]} 6. Nf3 {[%clk 01:32:45]} {[%emt
00:00:13]} Nd7 {[%clk 01:32:30]} {[%emt 00:00:06]} 7. Bd3 {[%clk 01:30:15]}
{[%emt 00:02:59]} Bxd3 {[%clk 01:31:44]} {[%emt 00:01:16]} 8. Qxd3 {[%clk
01:30:32]} {[%emt 00:00:13]} Ngf6 {[%clk 01:31:52]} {[%emt 00:00:22]} 9. O-O
{[%clk 01:27:46]} {[%emt 00:03:16]} e6 {[%clk 01:31:47]} {[%emt 00:00:35]} 10.
Re1 {[%clk 01:24:26]} {[%emt 00:03:50]} Bd6 {[%clk 01:29:46]} {[%emt 00:02:31]}
11. a4 {[%clk 01:16:08]} {[%emt 00:08:48]} a5 {[%clk 01:28:50]} {[%emt
00:01:26]} 12. Bd2 {[%clk 01:00:56]} {[%emt 00:15:42]} O-O {[%clk 01:28:46]}
{[%emt 00:00:34]} 13. c4 {[%clk 00:53:03]} {[%emt 00:08:24]} h6 {[%clk
01:21:47]} {[%emt 00:07:29]} 14. Nf1 {[%clk 00:48:18]} {[%emt 00:05:15]} c5
{[%clk 01:20:40]} {[%emt 00:01:37]} 15. Bc3 {[%clk 00:46:53]} {[%emt 00:01:54]}
cxd4 {[%clk 01:19:58]} {[%emt 00:01:13]} 16. Nxd4 {[%clk 00:46:18]} {[%emt
00:01:04]} Nc5 {[%clk 01:17:19]} {[%emt 00:03:10]} 17. Qc2 {[%clk 00:42:23]}
{[%emt 00:04:24]} Rc8 {[%clk 01:10:58]} {[%emt 00:06:52]} 18. Rad1 {[%clk
00:31:48]} {[%emt 00:11:04]} Qb6 {[%clk 01:06:57]} {[%emt 00:04:31]} 19. Nb5
{[%clk 00:29:50]} {[%emt 00:02:29]} Be7 {[%clk 01:06:18]} {[%emt 00:01:08]} 20.
h3 {[%clk 00:22:22]} {[%emt 00:07:58]} Ncd7 {[%clk 01:05:20]} {[%emt 00:01:27]}
21. Nd2 {[%clk 00:15:34]} {[%emt 00:07:19]} Bc5 {[%clk 01:03:28]} {[%emt
00:02:22]} 22. Nf3 {[%clk 00:15:54]} {[%emt 00:00:11]} Rfd8 {[%clk 01:03:12]}
{[%emt 00:00:46]} 23. b3 {[%clk 00:14:13]} {[%emt 00:02:11]} Ra8 {[%clk
00:57:18]} {[%emt 00:06:24]} 24. Ne5 {[%clk 00:09:09]} {[%emt 00:05:34]} Nxe5
{[%clk 00:57:03]} {[%emt 00:00:44]} 25. Bxe5 {[%clk 00:09:31]} {[%emt
00:00:08]} Rxd1 {[%clk 00:55:44]} {[%emt 00:01:50]} 26. Rxd1 {[%clk 00:10:00]}
{[%emt 00:00:01]} Qc6 {[%clk 00:55:47]} {[%emt 00:00:26]} 27. Bxf6 {[%emt
00:02:47]} gxf6 {[%clk 00:56:08]} {[%emt 00:00:06]} 28. Rd3 {[%clk 00:07:34]}
{[%emt 00:00:42]} Kh8 {[%clk 00:55:43]} {[%emt 00:00:55]} 29. Qd2 {[%clk
00:06:03]} {[%emt 00:02:01]} Kh7 {[%clk 00:55:17]} {[%emt 00:00:56]} 30. Qc3
{[%clk 00:03:05]} {[%emt 00:03:28]} 1/2-1/2

[Event "ODJM B 2025"]
[Site "Willingen GER"]
[Date "2025.06.13"]
[Round "8"]
[White "Meyer, Hugo"]
[Black "Schmidt, Jossip"]
[Result "0-1"]
[Termination "normal"]
[Board "26"]
[WhiteElo "1591"]
[BlackElo "1647"]
[WhiteClock "01:13:20"]
[BlackClock "01:31:03"]
[PlyCount "20"]
[WhiteFideId "533005249"]
[BlackFideId "34621148"]
[EventCountry "GER"]
[EventRounds "9"]
[EventType "swiss"]
[EventDate "2025.06.07"]

1. e4 {[%clk 01:30:31]} {[%emt 00:00:29]} e5 {[%emt 00:00:30]} 2. f4 {[%clk
01:30:37]} exf4 {[%clk 01:31:17]} {[%emt 00:00:07]} 3. Nf3 {[%clk 01:30:59]}
{[%emt 00:00:07]} g5 {[%clk 01:31:36]} {[%emt 00:00:11]} 4. h4 {[%clk
01:31:20]} {[%emt 00:00:09]} g4 {[%clk 01:32:02]} {[%emt 00:00:05]} 5. Ne5
{[%clk 01:31:45]} {[%emt 00:00:05]} d6 {[%clk 01:32:23]} {[%emt 00:00:08]} 6.
Nxg4 {[%clk 01:31:49]} {[%emt 00:00:26]} Be7 {[%clk 01:32:46]} {[%emt
00:00:07]} 7. Bc4 {[%clk 01:21:36]} {[%emt 00:10:44]} Bxh4+ {[%clk 01:32:18]}
{[%emt 00:00:58]} 8. Kf1 {[%clk 01:21:43]} {[%emt 00:00:23]} Qg5 {[%clk
01:30:49]} {[%emt 00:01:57]} 9. Nh2 {[%clk 01:16:28]} {[%emt 00:05:46]} Qg3
{[%clk 01:30:38]} {[%emt 00:00:41]} 10. Qf3 {[%clk 01:13:20]} {[%emt 00:03:39]}
Qe1# {[%clk 01:31:03]} {[%emt 00:00:05]} 0-1

[Event "ODJM B 2025"]
[Site "Willingen GER"]
[Date "2025.06.13"]
[Round "8"]
[White "Er, Sadik Bugra"]
[Black "Magezi, Noah"]
[Result "1-0"]
[Termination "normal"]
[Board "27"]
[WhiteElo "1728"]
[BlackElo "1607"]
[WhiteClock "00:06:20"]
[BlackClock "00:01:30"]
[PlyCount "52"]
[WhiteFideId "34660410"]
[BlackFideId "34696113"]
[EventCountry "GER"]
[EventRounds "9"]
[EventType "swiss"]
[EventDate "2025.06.07"]

1. e4 {[%clk 01:30:57]} {[%emt 00:00:03]} c5 {[%clk 01:30:56]} {[%emt
00:00:05]} 2. Nf3 {[%clk 01:31:22]} {[%emt 00:00:04]} e6 {[%clk 01:31:22]}
{[%emt 00:00:05]} 3. d4 {[%clk 01:31:47]} {[%emt 00:00:06]} cxd4 {[%clk
01:31:47]} {[%emt 00:00:05]} 4. Nxd4 {[%clk 01:32:12]} {[%emt 00:00:04]} a6
{[%clk 01:32:12]} {[%emt 00:00:06]} 5. Bd3 {[%clk 01:32:35]} {[%emt 00:00:06]}
Bc5 {[%clk 01:32:03]} {[%emt 00:00:40]} 6. Be3 {[%clk 01:32:54]} {[%emt
00:00:10]} Qb6 {[%emt 00:01:03]} 7. c3 {[%emt 00:00:33]} Qxb2 {[%clk 01:28:00]}
{[%emt 00:03:51]} 8. Nd2 {[%clk 01:33:14]} {[%emt 00:00:15]} Qb6 {[%clk
01:23:49]} {[%emt 00:04:42]} 9. Nc4 {[%clk 01:32:48]} {[%emt 00:00:56]} Qc7
{[%clk 01:20:07]} {[%emt 00:04:12]} 10. O-O {[%clk 01:22:32]} {[%emt 00:10:44]}
b5 {[%clk 01:16:32]} {[%emt 00:04:06]} 11. Qg4 {[%clk 00:47:28]} {[%emt
00:35:34]} g6 {[%clk 01:05:40]} {[%emt 00:11:24]} 12. Nd2 {[%clk 00:46:20]}
{[%emt 00:01:37]} h5 {[%clk 00:51:00]} {[%emt 00:15:10]} 13. Qe2 {[%clk
00:36:23]} {[%emt 00:10:27]} Nf6 {[%clk 00:40:17]} {[%emt 00:11:13]} 14. e5
{[%clk 00:27:23]} {[%emt 00:09:29]} Nd5 {[%clk 00:30:08]} {[%emt 00:10:40]} 15.
Ne4 {[%clk 00:25:46]} {[%emt 00:02:07]} Nxe3 {[%clk 00:25:36]} {[%emt
00:05:02]} 16. Qxe3 {[%clk 00:25:01]} {[%emt 00:01:14]} Be7 {[%clk 00:17:19]}
{[%emt 00:08:47]} 17. f4 {[%clk 00:24:39]} {[%emt 00:00:53]} Bb7 {[%clk
00:15:49]} {[%emt 00:02:00]} 18. f5 {[%clk 00:22:23]} {[%emt 00:02:46]} gxf5
{[%clk 00:08:00]} {[%emt 00:08:19]} 19. Nxf5 {[%clk 00:16:48]} {[%emt
00:06:05]} Bxe4 {[%clk 00:05:37]} {[%emt 00:02:53]} 20. Ng7+ {[%clk 00:12:19]}
{[%emt 00:04:58]} Kf8 {[%clk 00:04:12]} {[%emt 00:01:55]} 21. Qxe4 {[%clk
00:04:56]} {[%emt 00:07:54]} Qa7+ {[%clk 00:01:28]} {[%emt 00:03:14]} 22. Kh1
{[%clk 00:05:13]} {[%emt 00:00:13]} Kxg7 {[%clk 00:01:25]} {[%emt 00:00:33]}
23. Rxf7+ {[%clk 00:05:26]} {[%emt 00:00:16]} Kxf7 {[%emt 00:00:39]} 24. Qg6+
{[%clk 00:05:40]} {[%emt 00:00:14]} Kf8 {[%clk 00:01:23]} {[%emt 00:00:25]} 25.
Rf1+ {[%clk 00:05:55]} {[%emt 00:00:16]} Bf6 {[%clk 00:01:21]} {[%emt
00:00:33]} 26. Qxf6+ {[%clk 00:06:20]} {[%emt 00:00:04]} Ke8 {[%clk 00:01:30]}
{[%emt 00:00:20]} 1-0

[Event "ODJM B 2025"]
[Site "Willingen GER"]
[Date "2025.06.13"]
[Round "8"]
[White "Oblender, Rudi"]
[Black "Fabritius, Wolf"]
[Result "0-1"]
[Termination "normal"]
[Board "28"]
[WhiteElo "1761"]
[BlackElo "1551"]
[WhiteClock "01:06:37"]
[BlackClock "00:39:50"]
[PlyCount "66"]
[WhiteFideId "34625089"]
[BlackFideId "34632603"]
[EventCountry "GER"]
[EventRounds "9"]
[EventType "swiss"]
[EventDate "2025.06.07"]

1. e4 {[%clk 01:30:59]} {[%emt 00:00:01]} e6 {[%clk 01:30:54]} {[%emt
00:00:05]} 2. d4 {[%clk 01:31:27]} {[%emt 00:00:03]} d5 {[%clk 01:31:17]}
{[%emt 00:00:07]} 3. Nc3 {[%clk 01:31:55]} {[%emt 00:00:03]} Nf6 {[%clk
01:31:36]} {[%emt 00:00:09]} 4. Bg5 {[%clk 01:32:22]} {[%emt 00:00:03]} h6
{[%clk 01:32:02]} {[%emt 00:00:05]} 5. Bh4 {[%clk 01:32:49]} {[%emt 00:00:03]}
g5 {[%clk 01:32:27]} {[%emt 00:00:04]} 6. Bg3 {[%clk 01:33:13]} {[%emt
00:00:06]} dxe4 {[%clk 01:32:44]} {[%emt 00:00:14]} 7. Be5 {[%clk 01:33:28]}
{[%emt 00:00:14]} Bb4 {[%clk 01:32:27]} {[%emt 00:00:47]} 8. a3 {[%clk
01:33:36]} {[%emt 00:00:22]} Bxc3+ {[%clk 01:32:25]} {[%emt 00:00:33]} 9. bxc3
{[%clk 01:34:00]} {[%emt 00:00:06]} Nc6 {[%clk 01:32:17]} {[%emt 00:00:37]} 10.
Bxf6 {[%clk 01:33:53]} {[%emt 00:00:37]} Qxf6 {[%clk 01:32:26]} {[%emt
00:00:21]} 11. Bc4 {[%clk 01:34:16]} {[%emt 00:00:08]} O-O {[%clk 01:30:59]}
{[%emt 00:01:57]} 12. Ne2 {[%clk 01:34:41]} {[%emt 00:00:04]} b6 {[%clk
01:28:31]} {[%emt 00:02:58]} 13. Ng3 {[%clk 01:35:05]} {[%emt 00:00:07]} Qg6
{[%clk 01:21:06]} {[%emt 00:07:55]} 14. h4 {[%clk 01:34:40]} {[%emt 00:00:54]}
e3 {[%clk 01:14:50]} {[%emt 00:06:47]} 15. Qe2 {[%clk 01:34:08]} {[%emt
00:01:02]} f5 {[%clk 01:05:45]} {[%emt 00:09:35]} 16. hxg5 {[%clk 01:30:57]}
{[%emt 00:03:41]} Qxg5 {[%clk 01:03:11]} {[%emt 00:03:03]} 17. Rh5 {[%clk
01:30:33]} {[%emt 00:00:54]} exf2+ {[%clk 01:01:39]} {[%emt 00:02:02]} 18. Qxf2
{[%clk 01:30:59]} {[%emt 00:00:04]} Qg6 {[%clk 01:01:34]} {[%emt 00:00:35]} 19.
Rxf5 {[%clk 01:08:49]} {[%emt 00:22:40]} Bd7 {[%clk 00:56:44]} {[%emt
00:05:20]} 20. Rf3 {[%clk 01:07:11]} {[%emt 00:02:08]} Rxf3 {[%clk 00:54:03]}
{[%emt 00:03:10]} 21. gxf3 {[%clk 01:07:35]} {[%emt 00:00:07]} Kh8 {[%clk
00:51:27]} {[%emt 00:03:06]} 22. O-O-O {[%clk 01:07:04]} {[%emt 00:01:01]} Rf8
{[%clk 00:46:31]} {[%emt 00:05:25]} 23. Ne4 {[%clk 01:05:36]} {[%emt 00:01:59]}
Qxe4 {[%clk 00:45:49]} {[%emt 00:01:12]} 24. fxe4 {[%clk 01:05:21]} {[%emt
00:00:46]} Rxf2 {[%clk 00:46:09]} {[%emt 00:00:09]} 25. d5 {[%clk 01:05:49]}
{[%emt 00:00:02]} exd5 {[%clk 00:43:43]} {[%emt 00:02:56]} 26. Rxd5 {[%clk
01:05:18]} {[%emt 00:01:01]} Be6 {[%clk 00:42:51]} {[%emt 00:01:22]} 27. Rh5
{[%clk 01:05:24]} {[%emt 00:00:24]} Rf6 {[%clk 00:42:40]} {[%emt 00:00:41]} 28.
Bd3 {[%clk 01:05:29]} {[%emt 00:00:25]} Bf7 {[%clk 00:40:35]} {[%emt 00:02:34]}
29. Rb5 {[%clk 01:05:31]} {[%emt 00:00:29]} a6 {[%clk 00:40:20]} {[%emt
00:00:45]} 30. Rb1 {[%clk 01:05:39]} {[%emt 00:00:21]} Ne5 {[%clk 00:39:44]}
{[%emt 00:01:06]} 31. Bxa6 {[%clk 01:06:00]} {[%emt 00:00:10]} Bc4 {[%clk
00:39:05]} {[%emt 00:01:09]} 32. Bxc4 {[%clk 01:06:15]} {[%emt 00:00:14]} Nxc4
{[%clk 00:39:26]} {[%emt 00:00:09]} 33. Rb4 {[%clk 01:06:37]} {[%emt 00:00:08]}
Rf1# {[%clk 00:39:50]} {[%emt 00:00:07]} 0-1

[Event "ODJM B 2025"]
[Site "Willingen GER"]
[Date "2025.06.13"]
[Round "8"]
[White "Müller, Maximilian"]
[Black "Ott, Claudius"]
[Result "1/2-1/2"]
[Termination "normal"]
[Board "29"]
[WhiteElo "1745"]
[BlackElo "1835"]
[WhiteClock "01:00:37"]
[BlackClock "00:47:05"]
[PlyCount "48"]
[WhiteFideId "34640282"]
[BlackFideId "34621024"]
[EventCountry "GER"]
[EventRounds "9"]
[EventType "swiss"]
[EventDate "2025.06.07"]

1. e4 {[%clk 01:30:59]} c5 {[%clk 01:30:55]} {[%emt 00:00:05]} 2. Nf3 {[%clk
01:31:26]} {[%emt 00:00:02]} d6 {[%clk 01:31:23]} {[%emt 00:00:04]} 3. d4
{[%clk 01:31:52]} {[%emt 00:00:04]} cxd4 {[%clk 01:31:49]} {[%emt 00:00:04]} 4.
Nxd4 {[%clk 01:32:17]} {[%emt 00:00:04]} Nf6 {[%clk 01:32:17]} {[%emt
00:00:03]} 5. Nc3 {[%clk 01:32:39]} {[%emt 00:00:07]} g6 {[%clk 01:32:44]}
{[%emt 00:00:03]} 6. Be3 {[%clk 01:33:05]} {[%emt 00:00:05]} Bg7 {[%clk
01:33:10]} {[%emt 00:00:03]} 7. f3 {[%clk 01:33:30]} {[%emt 00:00:04]} O-O
{[%clk 01:33:37]} {[%emt 00:00:04]} 8. Qd2 {[%clk 01:33:57]} {[%emt 00:00:03]}
Nc6 {[%clk 01:34:04]} {[%emt 00:00:04]} 9. Bc4 {[%clk 01:34:23]} {[%emt
00:00:04]} Nxd4 {[%clk 01:34:30]} {[%emt 00:00:03]} 10. Bxd4 {[%clk 01:34:48]}
{[%emt 00:00:05]} Be6 {[%clk 01:34:57]} {[%emt 00:00:03]} 11. Bxe6 {[%clk
01:35:11]} {[%emt 00:00:07]} fxe6 {[%clk 01:35:23]} {[%emt 00:00:04]} 12. O-O-O
{[%clk 01:35:35]} {[%emt 00:00:06]} Qa5 {[%clk 01:35:48]} {[%emt 00:00:06]} 13.
Kb1 {[%emt 00:00:10]} Rac8 {[%clk 01:36:12]} 14. h4 {[%clk 01:36:25]} {[%emt
00:00:05]} Nh5 {[%clk 01:36:36]} {[%emt 00:00:05]} 15. Bxg7 {[%clk 01:36:52]}
{[%emt 00:00:05]} Kxg7 {[%clk 01:37:00]} {[%emt 00:00:05]} 16. e5 {[%clk
01:37:17]} {[%emt 00:00:04]} Qxe5 {[%clk 01:37:25]} {[%emt 00:00:06]} 17. Rhe1
{[%clk 01:37:43]} {[%emt 00:00:04]} Qf4 {[%clk 01:37:49]} {[%emt 00:00:06]} 18.
Rxe6 {[%clk 01:38:09]} {[%emt 00:00:04]} Qxd2 {[%clk 01:23:14]} {[%emt
00:15:05]} 19. Rxd2 {[%clk 01:38:35]} {[%emt 00:00:05]} Rf7 {[%clk 01:23:04]}
{[%emt 00:00:39]} 20. Re4 {[%clk 01:26:41]} {[%emt 00:12:23]} a5 {[%clk
01:15:59]} {[%emt 00:07:36]} 21. Nd5 {[%clk 01:09:48]} {[%emt 00:17:23]} Kf8
{[%clk 01:08:23]} {[%emt 00:08:05]} 22. a3 {[%clk 01:05:39]} {[%emt 00:04:40]}
b5 {[%clk 01:02:21]} {[%emt 00:06:33]} 23. b4 {[%clk 01:02:51]} {[%emt
00:03:17]} axb4 {[%clk 01:00:37]} {[%emt 00:02:14]} 24. axb4 {[%clk 01:00:37]}
{[%emt 00:02:44]} Ng3 {[%clk 00:47:05]} {[%emt 00:14:01]} 1/2-1/2

[Event "ODJM B 2025"]
[Site "Willingen GER"]
[Date "2025.06.13"]
[Round "8"]
[White "Göb, Franziska"]
[Black "Lesser, Luan"]
[Result "1/2-1/2"]
[Termination "normal"]
[Board "30"]
[WhiteElo "1611"]
[BlackElo "1790"]
[WhiteClock "00:50:30"]
[BlackClock "01:13:54"]
[PlyCount "41"]
[WhiteFideId "16293177"]
[BlackFideId "34640150"]
[EventCountry "GER"]
[EventRounds "9"]
[EventType "swiss"]
[EventDate "2025.06.07"]

1. e4 {[%clk 01:30:59]} c5 {[%clk 01:31:00]} {[%emt 00:00:01]} 2. Nf3 {[%clk
01:31:22]} {[%emt 00:00:06]} e6 {[%clk 01:31:24]} {[%emt 00:00:07]} 3. d4
{[%clk 01:31:46]} {[%emt 00:00:05]} cxd4 {[%clk 01:31:51]} {[%emt 00:00:04]} 4.
Nxd4 {[%clk 01:32:12]} {[%emt 00:00:04]} Nf6 {[%clk 01:32:15]} {[%emt
00:00:05]} 5. Nc3 {[%clk 01:32:34]} {[%emt 00:00:09]} Nc6 {[%clk 01:32:41]}
{[%emt 00:00:03]} 6. a3 {[%clk 01:32:53]} {[%emt 00:00:11]} d5 {[%clk
01:32:32]} {[%emt 00:00:39]} 7. Bb5 {[%clk 01:31:17]} {[%emt 00:02:06]} Bd7
{[%clk 01:30:32]} {[%emt 00:02:31]} 8. exd5 {[%clk 01:31:31]} {[%emt 00:00:16]}
Nxd4 {[%clk 01:25:31]} {[%emt 00:05:30]} 9. Bxd7+ {[%clk 01:24:48]} {[%emt
00:07:13]} Qxd7 {[%clk 01:24:36]} {[%emt 00:01:26]} 10. Qxd4 {[%clk 01:24:53]}
{[%emt 00:00:23]} exd5 {[%emt 00:00:27]} 11. O-O {[%clk 01:21:08]} {[%emt
00:04:13]} Be7 {[%clk 01:24:49]} {[%emt 00:00:23]} 12. Re1 {[%clk 01:09:21]}
{[%emt 00:12:17]} O-O {[%clk 01:25:03]} {[%emt 00:00:17]} 13. h3 {[%clk
01:06:55]} {[%emt 00:02:55]} b6 {[%clk 01:25:17]} {[%emt 00:00:16]} 14. Bg5
{[%clk 01:02:54]} {[%emt 00:04:30]} Rac8 {[%clk 01:22:15]} {[%emt 00:03:33]}
15. Nxd5 {[%clk 00:50:34]} {[%emt 00:12:50]} Qxd5 {[%clk 01:13:54]} {[%emt
00:08:51]} 16. Qxd5 {[%clk 00:50:04]} {[%emt 00:01:00]} Nxd5 {[%clk 01:14:23]}
{[%emt 00:00:02]} 17. Bxe7 {[%clk 00:50:23]} {[%emt 00:00:10]} Nxe7 {[%clk
01:13:35]} {[%emt 00:01:19]} 18. Rxe7 {[%clk 00:50:47]} {[%emt 00:00:06]} Rxc2
{[%clk 01:14:02]} {[%emt 00:00:03]} 19. b4 {[%clk 00:50:21]} {[%emt 00:00:55]}
a5 {[%clk 01:13:30]} {[%emt 00:01:02]} 20. bxa5 {[%clk 00:50:24]} {[%emt
00:00:27]} bxa5 {[%clk 01:13:54]} {[%emt 00:00:07]} 21. Ra7 {[%clk 00:50:30]}
{[%emt 00:00:23]} 1/2-1/2